| 000 | 00000nas##2200000za#4500 |
| 001 | 9.514721 |
| 003 | CaOODSP |
| 005 | 20200325130353 |
| 007 | ta |
| 008 | 150406c1994||||xxc|| m #||||f| |0eng|d |
| 040 | |aCaOODSP|beng |
| 043 | |an-cn--- |
| 086 | 1 |aH39-292E |
| 110 | 1 |aCanada.|bHealth Canada. |bHealth Services and Promotion Branch. |
| 245 | 10|aDiscussion papers on health/family violence issues |
| 260 | |aOttawa - Ontario : |bHealth Canada. |
| 563 | |aSoftcover |
| 775 | 08|tDocuments de discussion sur les questions relatives à la santé et à la violence familiale |w(CaOODSP)9.513081 |
| 776 | 0#|tDiscussion papers on health/family violence issues |w(CaOODSP)9.507026 |